The rivers of Costa Rica: a canoeing, kayaking, and rafting guide (Registro nro. 417)
[ vista simple ]
| 000 -Cabecera | |
|---|---|
| Campo de control de longitud fija | 00746aam a2200289 4500 |
| 005 - Fecha y hora de la última transacción | |
| Campo de control | 20240521095027.0 |
| 008 - Elementos de longitud fija--Información general | |
| Campo de control de longitud fija | 150730b1988 xxu||||| |||| 00| 0 eng d |
| 020 ## - International Standard Book Number | |
| Número Internacional Estándar del Libro (ISBN) | 0897320832 |
| 041 ## - Idioma | |
| Código de idioma | Inglés |
| 082 ## - Clasificación Decimal Dewey | |
| Número de clasificación | 797.1 G177r |
| 100 ## - Entrada principal--Autor personal | |
| Nombre personal | Gallo, Rafael E. |
| 100 ## - Entrada principal--Autor personal | |
| Nombre personal | Mayfield, Michael W. |
| 245 ## - Título propiamente dicho | |
| Título | The rivers of Costa Rica: a canoeing, kayaking, and rafting guide |
| 260 ## - Pie de imprenta | |
| Lugar de publicación, distribución, etc. | Estados Unidos |
| 260 ## - Pie de imprenta | |
| Nombre del editor, distribuidor, etc. | Menasha Ridge Press |
| 260 ## - Pie de imprenta | |
| Fecha de publicación, distribución, etc. | 1988 |
| 300 ## - Descripción física | |
| Extensión | 117 páginas |
| 505 ## - Nota de contenido | |
| Nota de contenido | Incluye mapas y fotografías |
| 650 ## - Materia general | |
| Temática (materia general) | DEPORTES ACUÁTICOS |
| 650 ## - Materia general | |
| Temática (materia general) | COSTA RICA |
| 650 ## - Materia general | |
| Temática (materia general) | GEOGRAFÍA |
| 650 ## - Materia general | |
| Temática (materia general) | HIDROLOGÍA |
| 650 ## - Materia general | |
| Temática (materia general) | CLIMATOLOGÍA |
| 650 ## - Materia general | |
| Temática (materia general) | GUÍA TURÍSTICA |
| 942 ## - Punto de acceso adicional KOHA | |
| Tipo de ítem KOHA | Libro |
| Fuente del sistema de clasificación o colocación | Dewey Decimal Classification |
| Signatura completa | Código de barras | Programa Académico | Tipo de ítem |
|---|---|---|---|
| 797.1 G177r | 1011 | Turismo | Libro |